Principios de economía / (Registro nro. 21786)
[ vista simple ]
| 000 -CABECERA | |
|---|---|
| fixed length control field | 00865nam a2200253 a 4500 |
| 001 - NÚMERO DE CONTROL | |
| control field | EEO.eeo000253 |
| 005 - FECHA Y HORA DE LA ULTIMA TRANSACCIÓN | |
| control field | 20260526180719.0 |
| 008 - ELEMENTOS DE LONGITUD FIJA | |
| fixed length control field | 040414s2004####sp#####g######000#0#spa## |
| 020 ## - ISBN | |
| ISBN | 8448141563 |
| 020 ## - ISBN | |
| ISBN | 9788448141561 |
| 040 ## - FUENTE DE CATALOGACIÓN | |
| Agencia de catalogación original | M-BN |
| Idioma de la catalogación | spa |
| Agencia que realiza la transcripción | M-BN |
| Agencia que realiza la modificación | AR-BaCAIC |
| -- | AR-MoUNM |
| 041 ## - CÓDIGO DEL IDIOMA | |
| Código de idioma para texto, pista de sonido o título independiente | spa |
| Código de idioma de la versión original y/o traducciones intermedias del texto | eng |
| 082 04 - NÚMERO DE CLASIFICACIÓN DECIMAL DEWEY (C.D.D.) | |
| Número de la edición | 24.11 |
| Número de la Clasificación Decimal de Dewey (C.D.D.) | 330 |
| Número del ítem | MAN 278 |
| 100 1# - ENTRADA PRINCIPAL - NOMBRE DE PERSONA | |
| Nombre personal | Mankiw, N. Gregory. |
| 9 (RLIN) | 7535 |
| 245 10 - MENCIÓN DEL TÍTULO | |
| Título | Principios de economía / |
| Mención de responsabiblidad | N. Gregory Mankiw ; traducción, Esther Rabasco Espáriz ; revisión técnica, Luis Toharia Cortés. |
| 250 ## - MENCIÓN DE EDICIÓN | |
| Mención de edición | 3a ed. |
| 260 ## - PUBLICACIÓN, DISTRIBICIÓN, ETC. | |
| Lugar de publicación, distribución, etc. | Madrid : |
| Nombre del editor, distribuidor, etc. | McGraw-Hill : |
| -- | Interamericana de España, |
| Fecha de publicación, distribución, etc. | 2004. |
| 300 ## - DESCRIPCIÓN FÍSICA | |
| Extensión | xxix, 535 p. ; |
| Dimensiones [El subcampo es A para Materiales Mixtos] | 27 cm. |
| 650 #7 - ENTRADA SECUNDARIA DE MATERIA - TÉRMINO TEMÁTICO | |
| Término temático o nombre geográfico como elemento de entrada | ECONOMIA |
| Fuente de la entrada o término | mpirdes |
| 9 (RLIN) | 19 |
| 650 #7 - ENTRADA SECUNDARIA DE MATERIA - TÉRMINO TEMÁTICO | |
| Término temático o nombre geográfico como elemento de entrada | ENSEÑANZA DE LA ECONOMIA |
| Fuente de la entrada o término | unescot |
| 9 (RLIN) | 4619 |
| 700 1# - ENTRADA SECUNDARIA - NOMBRE DE PERSONA | |
| Nombre de la persona | Rabasco, Esther. |
| 9 (RLIN) | 7698 |
| Término relacionador | tr. |
| 700 1# - ENTRADA SECUNDARIA - NOMBRE DE PERSONA | |
| Nombre de la persona | Toharia, Luis |
| Término relacionador | rev. |
| 9 (RLIN) | 7900 |
| 942 ## - ADDED ENTRY ELEMENTS (KOHA) | |
| Source of classification or shelving scheme | Dewey Decimal Classification |
| Item type | Libros |
| Withdrawn status | Lost status | Source of classification or shelving scheme | Damaged status | Not for loan | Home library | Current library | Date acquired | Source of acquisition | Inventory number | Total Checkouts | Full call number | Barcode | Date last seen | Copy number | Price effective from | Koha item type |
|---|---|---|---|---|---|---|---|---|---|---|---|---|---|---|---|---|
| Dewey Decimal Classification | Colección general | Colección general | 26/05/2026 | Donación Patricia Laurenza | 28269 | 330 MAN 278 | 28269 | 26/05/2026 | Ej. C | 26/05/2026 | Libros |


